Gaia : Ciencias Naturales : Primer curso de Bachillerato Unificado Polivalente

Gespeichert in:
Bibliographische Detailangaben
Weitere Verfasser: Fernández Esteban, Miguel Angel .
Format: Buch
Sprache:Spanisch
Erschienen: Barcelona : Vicens-Vives, 1995
Ausgabe:[1ª ed., 5ª reimp.]
Katalog:MANES:  Suchergebnis im Bibliothekskatalog
Schulbuchspezifische Eigenschaften:
Tags: Tag hinzufügen
Keine Tags, Fügen Sie den ersten Tag hinzu!
Hinzugefügt zu:09.02.2019
Geändert in:07.05.2025

MARC

LEADER 00000cam a2200000 i 4500
005 20250507134344.0
008 190210s1995 espao fp 000 0 spa d
020 |a 8431627956 
040 |a uned  |b spa  |c entro-manes 
245 0 0 |a Gaia :   |b Ciencias Naturales : Primer curso de Bachillerato Unificado Polivalente /   |c Miguel Ángel Fernández Esteban ... [et al.] 
250 |a [1ª ed., 5ª reimp.] 
260 |a Barcelona :   |b Vicens-Vives,   |c 1995 
300 |a 364 p. :   |b il. 
546 |a España 
561 |5 es-BUNED  |3 L.T.M. 0988  |a España. Fondo Manes UNED  |k MANES 
690 0 |a CN 
691 0 |a SE 
700 1 |a Fernández Esteban, Miguel Angel .  |9 36276 
942 |2 ddc  |c BK 
999 |c 92467  |d 92467 
999 |c manes:92467  |d 92467